| 000 | 00464nam a2200181Ia 4500 | ||
|---|---|---|---|
| 001 | 16759 | ||
| 005 | 20260306170334.0 | ||
| 008 | 260306t2001||||xx |||||||||||||| ||und|| | ||
| 041 | _aESP | ||
| 082 |
_a349.8 _bS66 V. 8 |
||
| 100 |
_aSolórzano Pereira, Juan de _eAUT |
||
| 245 | 0 |
_aDe indiarum iure: _b(Liber I: De inquisitione Indiarum) |
|
| 260 | _c2001 | ||
| 300 |
_a646 páginas : _c24 cm. |
||
| 650 | _aGEN | ||
| 654 | _aCDE | ||
| 942 |
_cLIB _dJUS _fJUS _2ddc _n |
||
| 999 |
_c16759 _d16759 |
||